| 000 | 005180000a22001810004500 | ||
|---|---|---|---|
| 003 | LK-CoMWRAF | ||
| 005 | 20240106154503.0 | ||
| 008 | 230817t1982 ||||| |||| 00| 0 eng d | ||
| 020 | _a0943734010 | ||
| 040 |
_aLK-CoMWRAF _dLK-CoMWRAF _eLK-CoMWRAF |
||
| 041 | _aeng | ||
| 082 |
_a372.172 _bPEA |
||
| 245 |
_aPeace Pilgrim: _bher life and work in her own words |
||
| 260 |
_aNew Mexico: _bOcean Tree Book, _c1983 |
||
| 300 | _a xv, 198 p. : ill. ; 22 cm | ||
| 650 | _aPacifists- United States- Biography | ||
| 942 | _cBK | ||
| 999 |
_c1123 _d1123 |
||